Historia griega e historia del mundo

Gorde:
Xehetasun bibliografikoak
Egile nagusia: Rodríguez A., Francisco (Egilea)
Formatua: Liburua
Hizkuntza:gaztelania
Argitaratua: Quillota Observador 1966
Gaiak:
Etiketak: Etiketa erantsi
Etiketarik gabe, Izan zaitez lehena erregistro honi etiketa jartzen!

MARC

LEADER 00000nam a2200000 a 4500
001 UCP9711
003 CL-VaPUC
008 000331e19660000CL |||||||||||||||||spa|d
082 0 4 |a 938  |b ROD  |2 21 
100 0 |a Rodríguez A., Francisco  |e author  |9 440467 
245 1 0 |a Historia griega e historia del mundo 
300 |a 45 p 
942 |c BK 
945 |d 20000331 00:00:00  |a rherrera 
260 |a Quillota  |b Observador  |c 1966 
650 0 |a Historia antigua  |9 267521 
650 7 |a GRECIA CLASICA  |2 CL-VaPUC  |9 433640 
651 0 |a Grecia  |9 265314 
651 7 |a ATENAS  |2 CL-VaPUC  |9 323854 
583 |a last modification  |c 20000331 00:00:00  |k Rodrigo Vera 
999 |c 286498  |d 286496 
952 |0 0  |1 0  |4 0  |6 938_000000000000000_ROD_1966  |7 0  |8 A  |9 332473  |a BIBHIS  |b BIBHIS  |d 2019-11-20  |i 1261061  |o 938 ROD 1966  |p 1261061  |r 2025-01-20  |w 2019-11-20  |y BK  |k HIS 
952 |0 0  |1 0  |4 0  |6 938_000000000000000_ROD_1966  |7 0  |8 A  |9 332474  |a BIBHIS  |b BIBHIS  |d 2019-11-20  |i 126107K  |o 938 ROD 1966  |p 126107K  |r 2025-01-20  |w 2019-11-20  |y BK  |k HIS 
952 |0 0  |1 0  |4 0  |6 938_000000000000000_ROD_1966  |7 0  |8 A  |9 332475  |a BIBHIS  |b BIBHIS  |d 2019-11-20  |i 1261088  |o 938 ROD 1966  |p 1261088  |r 2025-01-20  |w 2019-11-20  |y BK  |k HIS 
952 |0 0  |1 0  |4 0  |6 938_000000000000000_ROD_1966  |7 0  |8 A  |9 332476  |a BIBHIS  |b BIBHIS  |d 2019-11-20  |i 1261096  |o 938 ROD 1966  |p 1261096  |r 2025-01-20  |w 2019-11-20  |y BK  |k HIS 
952 |0 0  |1 0  |4 0  |6 938_000000000000000_ROD_1966  |7 0  |8 A  |9 332477  |a BIBHIS  |b BIBHIS  |d 2019-11-20  |i 1259849  |o 938 ROD 1966  |p 1259849  |r 2025-01-20  |w 2019-11-20  |y BK  |k HIS